Detalles MARC
| 000 -LIDER |
| fixed length control field |
00929nam a2200289 a 4500 |
| 001 - NÚMERO DE CONTROL |
| Identificador de número de control |
000032098 |
| 003 - IDENTIFICACDOR DE NÚMERO DE CONTROL |
| control field |
DO-SdBNP |
| 005 - DATE AND TIME OF LATEST TRANSACTION |
| control field |
20171107110746.0 |
| 007 - CAMPOS FIJOS DE DESCRIPCIÓN FÍSICA |
| fixed length control field |
000032098 |
| 008 - ELEMENTOS DE LONGITUD FIJA |
| fixed length control field |
110712s200u dr 000 0 spa d |
| 020 ## - ISBN |
| International Standard Book Number |
9945130005 |
| 040 ## - FUENTE DE CATALOGACIÓN |
| Agencia que crea de manera original el registro |
BPMSU |
| Idioma de catalogación |
spa |
| Agencia que realiza la transcripción |
BPMSU |
| 092 ## - LOCALLY ASSIGNED DEWEY DECIMAL CALL NUMBER |
| Número de clasificación |
xxx |
| Número de ítem (Cutter) |
D249n |
| 100 1# - ASIENTO PRINCIPAL -- NOMBRE PERSONAL |
| Nombre personal |
David, León, |
| Fechas asociadas con el nombre |
1945- |
| 245 13 - MENCIÓN DE TITULO |
| Título |
La noche de los escombros, comedia dramática en un acto ; El sueño de Arlequín, monólogo / |
| Mención de responsabilidad |
León David. |
| 246 1# - VARIACION DEL TÍTULO |
| Título propiamente dicho o título corto |
El sueño de Arlequín, monólogo |
| 260 ## - PUBLICACIÓN, DISTRIBUCIÓN, ETC. (PIE DE IMPRENTA) |
| Lugar de publicación, distribución, etc |
Santo Domingo : |
| Nombre del editor, distribuidor, etc. |
Mediabyte |
| Fecha de publicación, distribución, etc |
[200u]. |
| 300 ## - DESCRIPCIÓN FÍSICA |
| Extensión |
67 p. ; |
| Dimensiones |
22 cm. |
| 505 ## - NOTA DE CONTENIDO |
| Texto normalizado de contenido |
El sueño de Arlequín (monólog) -- |
| 563 ## - INFORMACIÓN DE LA ENCUADERNACIÓN |
| Nota de la encuadernación |
Dos obras encuadernada juntas con paginación continúa |
| 740 ## - ASIENTO SECUNDARIO DE TÍTULOS RELACIONADOS O ANALÍTICOS NO CONTROLADOS |
| Título analítico o relacionado no controlado |
El sueño de Arlequín |
| 930 #1 - EQUIVALENCE OR CROSS-REFERENCE-UNIFORM TITLE HEADING [LOCAL, CANADA] |
| Language of a work |
|
| Medium of performance for music |
|
| Field link and sequence number |
|
| Date of a work |
|
| Name of part/section of a work |
|
| Miscellaneous information |
|
| 942 ## - ADDED ENTRY ELEMENTS (KOHA) |
| Source of classification or shelving scheme |
Dewey Decimal Classification |
| Koha item type |
Libros |
| 945 ## - INFORMACIÓN DE PROCESAMIENTO LOCAL |
| Información de procesamiento local |
Inventariado / 2017 VM |
| 956 ## - LOCAL ELECTRONIC LOCATION AND ACCESS (OCLC) |
| Nombre de host |
|
| Número de acceso |
|
| Información de compresión |
|
| Inicio de sesión |
|
| Procesador de solicitud |
|
| 956 ## - LOCAL ELECTRONIC LOCATION AND ACCESS (OCLC) |
| Nombre de host |
VMATEO |
| Número de acceso |
10 |
| Información de compresión |
20150303 |
| Inicio de sesión |
BPMSU |
| Procesador de solicitud |
00151 |